000 00422nam a2200181Ia 4500
005 20250423100326.0
008 250422s9999 xx 000 0 und d
020 _a9788184110982
050 _aPN 4781 .D37/
100 _aDash, Ajay
245 0 _aNews reporting
260 _aNew delhi
260 _bSonali pub.
260 _c2019
300 _a300 p
650 _a Reporters and reporting.
942 _cBK
999 _c32961
_d32961